01186nam a2200169Ia 4500001001300000003001000013008004100023040002500064041000700089100001800096245005000114250001100164260007500175300001200250500069400262650006000956a1475-37811 IT-MiCISF161014s9999||||xx |||||||||||||| ||und|| aIT-MiCISFcIT-MiCISF ait aZaugg Corinne 0aEducare per la vitabFamiglia e comunicazione a1a ed. a Borgonuovo di Pontecchio Marconi (BO)bEdizioni dell'Immacolatac2003 app. 114 a / educazione-familiare, educazione-bambini, nuovi-media, televisione / L'A. - giornalista - considera la famiglia alle prese con un mondo in continua evoluzione, dominato dai media e dalle tecnologie più moderne, che rischia di risucchiarla nei suoi modelli e stili di vita. Un incontro-scontro che può diventare un'opportunità importante di crescita se la famiglia saprà ritornare alle proprie origini, riscoprendo il patto che la tiene unita, che l'ha chiamata in vita e che la rende luogo privilegiato della comunicazione dell'amore. La sfida è appunto quella della comunicazione: all'interno della famiglia, con il mondo che cambia, e soprattutto con i media vecchi e nuovi. a Genitorialità e problemi educativi / educazionee004